La España del Siglo de Oro /

Uloženo v:
Podrobná bibliografie
Hlavní autor: Bennassar, Bartolomé
Médium: Neznámo
Jazyk:Spanish
Vydáno: Barcelona : Crítica. Grupo Editorial Grijalbo, c1983.
Edice:(Serie General. 109)
Témata:
Tagy: Přidat tag
Žádné tagy, Buďte první, kdo vytvoří štítek k tomuto záznamu!

MARC

LEADER 000000000a22000000004500
001 001907
020 |a 8474232007 
041 0 |a spa 
082 0 4 |a 946.05   |b B469e 
100 1 |a Bennassar, Bartolomé 
245 1 3 |a La España del Siglo de Oro /   |c Bartolomé Bennassar. 
260 1 |a Barcelona :   |b Crítica. Grupo Editorial Grijalbo,   |c c1983. 
300 |a 352 páginas :   |b ilustraciones, mapa 
490 1 |a (Serie General.   |b Temas hispánicos ;   |v 109) 
500 |a Título original: Un siécle d'or espagnol 
650 4 |a ESPAÑA 
650 4 |a CIVILIZACION 
650 4 |a 1516-1700 
999 |c 8553  |d 8553 
942 |c BK  |h 946.05 B469e  |2 z